Analýza kapitálovej štruktúry podnikateľského subjektu diplomová práca

Guardado en:
Detalles Bibliográficos
Autor principal: Šeráková, Miroslava
Autor Corporativo: Národohospodárska fakulta EU. Katedra bankovníctva a medzinárodných financií
Otros Autores: Sivák, Rudolf, 1955-
Formato: Libro
Lenguaje:eslovaco
Publicado: Bratislava 2008
Etiquetas: Agregar Etiqueta
Sin Etiquetas, Sea el primero en etiquetar este registro!

MARC

LEADER 00000nam$a2200000$$$4500
001 0076854
005 20240201114753.1
041 0 |a slo 
044 |a SK 
245 1 0 |a Analýza kapitálovej štruktúry podnikateľského subjektu  |b diplomová práca  |c Miroslava Šeráková ; škol. Rudolf Sivák 
264 1 |a Bratislava  |c 2008 
300 |a 80 s. 
100 1 |a Šeráková, Miroslava 
700 1 |a Sivák, Rudolf, 1955- 
710 2 |a Národohospodárska fakulta EU. Katedra bankovníctva a medzinárodných financií